Stardew Valley NPC's - Statistics

General Stats
  • This quiz has been taken 2,084 times
  • The average score is 31 of 38
Answer Stats
Picture Answer % Correct
Abigail
96%
Clint
93%
Alex
91%
Elliott
91%
Haley
91%
Emily
90%
Pam
90%
Penny
89%
Caroline
88%
Leah
88%
Lewis
88%
Demetrius
87%
Sebastian
87%
Robin
86%
Sam
86%
Gus
85%
Harvey
85%
Marnie
85%
Pierre
85%
Shane
85%
Wizard
85%
George
84%
Willy
83%
Dwarf
81%
Jas
81%
Maru
81%
Evelyn
80%
Krobus
80%
Linus
80%
Jodi
77%
Kent
77%
Vincent
74%
Sandy
73%
Mr Qi
71%
Gunther
67%
Governor
59%
Morris
56%
Marlon
51%
No matching quizzes found
Score Distribution
Percent of People with Each Score
Percentile by Number Answered
Your Score History
You have not taken this quiz